| 000 | 00707nam a2200241Ii 4500 | ||
|---|---|---|---|
| 003 | JO-AjNU | ||
| 005 | 20240110133431.0 | ||
| 008 | 230605s9999||||xx |||||||||||||| ||und|| | ||
| 017 | _a2013/4/1167 | ||
| 040 |
_aJO-AjNU _bara _erda _cJO-AjNU |
||
| 041 | _aara | ||
| 050 | 1 | 4 | _aQ181.Q5 1981 |
| 100 | 3 |
_aقلادة، فؤاد سليمان, _eauthor _938237 |
|
| 245 | 0 | 0 | _aاساسيات في تدريس العلوم |
| 250 | _aط العربية | ||
| 264 | 3 | 1 | _aعمان:مكتبة الطليعة ،2013 |
| 300 | _a414ص | ||
| 336 |
_atext _btxt _2rdacontent |
||
| 337 |
_aunmediated _bn _2rdamedia |
||
| 338 |
_avolume _bnc _2rdacarrier |
||
| 650 | 4 |
_aالعلم- فلسفة _938238 |
|
| 942 |
_2lcc _cBK |
||
| 999 |
_c19616 _d19616 |
||